000 00716nam a2200265Ia 4500
001 37823
005 20240114001946.0
007 ta
008 070619s1950 g b000 u 465 u
040 _aCotton College,Assam
041 _a465
082 _a947.084
_bC 23 B
100 _aCarr, Edward Hallett .
245 0 _aThe Bolshevik Revolution 1917- 1923 Vol. I /
_cEdward Hallett Carr.
_hTextual Documents
250 _a1st ed. /
260 _aLondon :
_bMacmillan and co ,
_c1950.
300 _ax,430p. ;
_c22cm.
504 _aIndex
653 _aBolshevik Revolution
653 _aRevolution-Bolshevik
653 _aG-History
942 _2ddc
_cBK
999 _c37799
_d37799